| 000 | 00465nam a2200181Ia 4500 | ||
|---|---|---|---|
| 005 | 20250423101445.0 | ||
| 008 | 250422s9999 xx 000 0 und d | ||
| 020 | _a0-15-592962-3 | ||
| 050 | _aQC 21.2 .H83/ | ||
| 100 | _aHudson Alnvin | ||
| 245 | 4 | _aThe study guide to accompany university physics | |
| 260 | _aNew York | ||
| 260 | _bHarcout Brace Jovanovich Inc. | ||
| 260 | _c1982 | ||
| 300 | _a440 p | ||
| 650 | _aStudent Solutions Manual | ||
| 942 | _cBK | ||
| 999 |
_c36351 _d36351 |
||